=LDR 00000nam 2200000 4500 =001 INLIS00000000000042 =005 20260702043538 =020 ##$$a 979-788-249-7 =082 ##$$a 615.321 =100 1#$$a Wikanjati, Argo =245 1 $$a Jamu Godhog Ces Pleng /$c Argo Wikanjati =300 ##$$a 96 hlm ; 13 x 19 cm